| 000 | 00483nam a22001937a 4500 | ||
|---|---|---|---|
| 003 | MPLRDC | ||
| 005 | 20220104143039.0 | ||
| 008 | 210129b ||||| |||| 00| 0 eng d | ||
| 020 | _a957-455-935-1 | ||
| 082 | _a280 GEY c.2 | ||
| 100 | _aCARL-FREDRICH GEYER | ||
| 245 |
_a神话的诞生 _c宋晶晶 译 |
||
| 250 | _a初版 | ||
| 260 |
_a台湾 _b晨星出版有限公司 _c2006 |
||
| 300 | _b138 | ||
| 490 | _a知识之门: 17 | ||
| 650 | _a神话 | ||
| 942 |
_cBK _o280 GEY c.2 |
||
| 999 |
_c36110 _d36100 |
||